000 00856nam a22002417a 4500
999 _c19932
_d19932
003 AR-CdUCM
008 190523b ||||| |||| 00| 0 spa d
040 _aMUNICIPALIDAD PROVINCIAL DEL CUSCO
_cBIBLIOTECA MUNICIPAL DEL CUSCO
041 _hfr
082 _a573 /
_bS31
100 _aSchreider, Eugène
_941664
245 _aLa biometría /
260 _aBuenos Aires :
_bEUDEBA,
_c1962.
300 _a62 páginas ;
_bIlustraciones,
_c25 cm.
440 _aCuadernos de Eudeba
_n81
_941665
505 _aContenido: Los elementos de la estadística y su utilización -- Resultados e interpretaciones -- Algunos problemas de la biometria humana...
650 _aCiencias Puras
_920725
650 _aCiencias aplicadas
_920077
650 _aEstadística
_95668
700 _aBrea, Marta María
_941666
942 _2ddc
_cLIBROS
945 _adavv
_d2019-05-23